000 00329nam a22001457a 4500
003 CEME
005 20210628202241.0
008 210301b xxu||||| |||| 00| 0 eng d
040 _c.
082 _a0333 WAS
100 _aBalqis
_959004
245 _aNai khus zaiqia
260 _bSANG E MEEL PUBLISHER
_c1999
942 _cBK
_2ddc
999 _c569061
_d569061